Statistics for Countries by percentage of forest area

Click here to take the quiz!

General Stats

  • This quiz has been taken 61 times
  • The average score is 10 of 27

Answer Stats

% Covered Country % Correct
65.7%Republic of the Congo
73%
72.0%Finland
73%
68.95%Sweden
68%
63.6%Papua New Guinea
58%
71.6%Laos
53%
90.2%Suriname
50%
70.26%Guyana
48%
61.0%Estonia
48%
60.0%Latvia
48%
67.0%Japan
45%
63.64%Myanmar
38%
64.5%Bhutan
38%
60.0%Honduras
35%
71.98%Belize
35%
63.2%South Korea
33%
89.12%Tuvalu
33%
73.0%North Korea
33%
85.0%Gabon
30%
87.15%Palau
30%
78.0%Solomon Islands
28%
65.0%Dominica
25%
78.0%Mozambique
25%
60.0%Taiwan
23%
66.35%Zimbabwe
23%
89.74%F.S. Micronesia
20%
60.0%Slovenia
18%
89.45%Seychelles
8%

Score Distribution

Percentile by Number Answered

Percent of People with Each Score

Your Score History

You have not taken this quiz